Femmes qui ont marqué l'histoire de France - Statistics

General Stats
  • This quiz has been taken 18 times
  • The average score is 6 of 15
Answer Stats
Indice Réponse % Correct
Pionnière dans le domaine de la radioactivité, première femme à recevoir un prix Nobel, et première personne à en recevoir deux (physique en 1903 et chimie en 1911 Marie Curie
88%
Styliste et créatrice de la maison de haute couture du même nom. Elle a révolutionné l'industrie de la mode Coco Channel
82%
Figure militaire et sainte patronne secondaire de la France, connue pour avoir mené l'armée française à la victoire lors de la guerre de Cent Ans Jeanne d'Arc
76%
Femme politique, première femme à présider le Parlement européen et ancienne résistante Simone Veil
71%
Philosophe, romancière et figure de l'existentialisme et du féminisme avec son œuvre majeure Le Deuxième Sexe Simone de Beauvoir
65%
Auteure de la "Déclaration des droits de la femme et de la citoyenne" en 1791 Olympe de Gouges
59%
Chanteuse, danseuse, meneuse de revue et résistante, elle est une figure marquante du XXe siècle, panthéonisée en 2021 Joséphine Baker
47%
Reine de France et régente, elle a joué un rôle politique majeur durant les guerres de religion Catherine de Médicis
29%
Avocate et figure majeure du féminisme Gisèle Halimi
29%
Athlète et militante, elle est une figure pionnière du sport féminin et a fondé les Jeux mondiaux féminins pour promouvoir la participation des femmes aux compétitions sportives Alice Milliat
6%
Reine de France puis d'Angleterre, elle est une figure emblématique du Moyen Âge pour son rôle politique et sa cour raffinée Alinéor d'Aquitaine
6%
Poétesse et philosophe du Moyen Âge, elle est considérée comme la première femme de lettres de langue française Christine de Pizan
6%
Romancière, mime et actrice, elle a marqué la littérature française du XXe siècle Colette
6%
Militante féministe et suffragette, elle a fondé le journal La Citoyenne et a été une figure majeure de la lutte pour le droit de vote des femmes en France Hubertine Auclert
0%
Botaniste et exploratrice, elle est la première femme à faire le tour du monde en bateau en se déguisant en homme Jeanne Barret
0%
No matching quizzes found
Score Distribution
Percent of People with Each Score
Percentile by Number Answered
Your Score History
You have not taken this quiz